000 00847nam a22002897a 4500
003 CHAP
005 20220329133828.0
008 971013s1985 r 00010 d
010 _a11499
011 _a12471
035 _a15657
040 _cCHAP
090 _aFolleto 11639
110 _aNew Zealand. Forest Service
_981047
245 _aPampas grass
_b: a weed of plantation forest
260 _aWellington, N. Z. :
_bThe Service,
_c1985
300 _aHoja desplegable
_b: ilus.
500 _aD14-92
590 _aBATCH-UPD
_b10
_c20130110
_lUCH01
_h0245
590 _aBATCH-UPD
_b10
_c20130110
_lUCH01
_h2216
590 _aCONVERSION
_b10
_c20130109
_lUCH01
_h1308
650 1 4 _aCortadeira.
_928279
650 1 4 _aPastos
_xMalas hierbas.
_986056
901 _aBK
942 _cFOLL
949 _aFolleto 11639
_bBC
_cFOLL
_d-27865
_eTS1
_i15657
_si
999 _c11499
_d11499